| 000 | 01084nam a22002897a 4500 | ||
|---|---|---|---|
| 003 | UPN | ||
| 005 | 20230928123724.0 | ||
| 008 | 221007s2021 mx ||||| |||| 00| 0 spa d | ||
| 020 | _a9786071671806 | ||
| 040 |
_aMX-MxUPN _bspa _cMX-MxUPN |
||
| 041 | 1 |
_aspa _heng |
|
| 050 |
_aJC311 _bA53 2021 |
||
| 100 | 1 |
_aAnderson, Benedict R. O’G. _q(Benedict Richard O’Gorman), _d1936-2015 _947023 |
|
| 240 |
_aImagined Communities. _lEspañol |
||
| 245 |
_aComunidades imaginadas : _breflexiones sobre el origen y la difusión del nacionalismo |
||
| 250 | _aSegunda edición | ||
| 260 |
_aCiudad de México : _bFondo de Cultura Económica, _c2021. |
||
| 300 | _a343 páginas | ||
| 490 |
_aColección popular ; _v498 |
||
| 500 | _aEs bibliografía básica de la Licenciatura en Pedagogía. | ||
| 500 | _aTraducción de: Imagined communities. | ||
| 610 | 2 | 4 |
_aUniversidad Pedagógica Nacional (México). _bLicenciatura en Pedagogía _950106 |
| 650 | 7 |
_910025 _aNacionalismo |
|
| 700 | 1 |
_aSuárez, Eduardo L. _etraducción _947024 |
|
| 902 | _aNoemiAcosta/071022 | ||
| 942 |
_2lcc _cLIBRO |
||
| 999 |
_c208939 _d208939 |
||